000 00991nam a2200349 a 4500
003 AR-BaBNM
005 20251128204445.0
008 082120s2002 ||||||||||||||000 | spa||
020 _a950-99723-1-2
040 _cAR-BaBNM
100 1 _aAlonso de Celi, Zulema
245 0 0 _aImágenes
_n2
260 _aBuenos Aires
_bAjotabe
_c1991
300 _ap. irreg.
_bil.
500 _aDiseño gráfico por Horacio Yapor
650 4 _aDESARROLLO DE LA CREATIVIDAD
650 4 _aDESARROLLO SOCIAL
650 4 _aDESARROLLO DEL LENGUAJE
650 4 _aMETODOS DE ENSEÑANZA
650 4 _aACTIVIDADES DE APRENDIZAJE
650 4 _aDESARROLLO COGNOSCITIVO
650 4 _aACTIVIDADES RECREATIVAS
650 4 _aENSEÑANZA DE LA ESCRITURA
650 4 _aJUEGOS EDUCATIVOS
650 4 _aANIMALES
653 _aEDUCACION INICIAL
700 1 _aColavecchio de Borghetti, Aurora
700 1 _aMazzotta, Francisca
700 1 _aCarmona, Silvia
_eilustrador
942 _cBK
998 _cGrace
999 _c7495
_d7495